00458nam a2200145Ia 4500008004100000020001500041082001700056100002700073245002000100260004800120300001000168942000700178999001900185952010800204191014s9999 xx 000 0 und d aLC 60-7234 a537.532bCHA aS.Chandrasekhar920312 0aPlasma Physics  aCanadabUniversities of Chicago pressc1960 aX,215 cBK c530883d530883 00104070aSNSbSNSd2019-10-15eDonationg0.00l0o537.532CHApSNS0002660r2019-10-15w2019-10-15yBK